Caracterización de los estados de vigilia y sueño de phalacrocorax atriceps (Aves, Phalacrocoracidae) /

Guardado en:
Autor Principal: Tomo, Aldo P.
Otros Autores: Panizza, Jorge S., Affanni, Jorge M.
Formato: Libro
Idioma:Spanish
Publicado: Buenos Aires : Dirección Nacional del Antártico, 1974.
Series:Contribución del Instituto Antártico Argentino, 182
Etiquetas: Agregar Etiqueta
Sin Etiquetas, Sea el primero en etiquetar este registro!
LEADER 00711nam a22001815a 4500
001 EUN.um030883
003 AR-BaUNS
005 20050623122906.0
008 041125s1974####ag#a##########000#0#spa#d
245 1 0 |a Caracterización de los estados de vigilia y sueño de phalacrocorax atriceps (Aves, Phalacrocoracidae) /  |c Aldo P. Tomo, Jorge S. Panizza, Jorge M. Affanni. 
260 |a Buenos Aires :  |b Dirección Nacional del Antártico,  |c 1974. 
300 |a 14 p. :  |b ilus. ;  |c 28,5 cm. . 
490 0 |a Contribución del Instituto Antártico Argentino, 182 
100 1 |a Tomo, Aldo P. 
700 1 |a Panizza, Jorge S. 
700 1 |a Affanni, Jorge M. 
082 0 4 |a 598.2 
859 |a Ar-BaUNS  |b BIB. CENTRAL - Sector C  |h 598.2  |i T598  |p 80076/978